000 00659nam a2200241Ia 4500
003 OSt
005 20220924133218.0
006 a|||||r|||| 00| 0
007 ta
008 220923b |||||||| |||| 00| 0 ben d
020 _c150
024 _a260117
037 _bM/2008/32, 11/09/2008, Mukta Dhara
_cTextual
040 _aARTS
_cARTS
_bben
041 _2ben
_aben
082 _aY15, 157P0
100 _aBandopadhyay Kalyani
_9205901
245 0 _aNari shreni o barna
260 _c2000
650 _aSOCIOLOGY
942 _hY15, 157P0
_cTEXL
_2CC
999 _c433011
_d433011